000 00372nam a2200145Ia 4500
008 150301s1998 xx 000 0 und d
082 _a617.7
_bR98C
100 _aCHAWLA, HECTOR BRYSON
245 _aRETINAL DETECHMENT : THE ESSENTIALS OF MANGEMENT
250 _a3RD
260 _bBUTTERWORTH
_aINDIA
_c1998
300 _a128
650 _aOPHTHALMOLOGY
942 _2ddc
_cBK
999 _c6721
_d6721